Juan Varela

Tallennettuna:
Bibliografiset tiedot
Päätekijä: Herrera García, Adolfo
Aineistotyyppi: Kirja
Kieli:Spanish
Julkaistu: San José, Costa Rica Editorial Costa Rica 1993
Aiheet:
Tagit: Lisää tagi
Ei tageja, Lisää ensimmäinen tagi!

MARC

LEADER 00000nam a22000007a 4500
008 180511b xxu||||| |||| 00| 0 spa d
040 |a cru BVZT 
090 |a 868 H-3j  
100 |a Herrera García, Adolfo  |9 533 
245 |a Juan Varela   |c / Adolfo Herrera García 
260 |a San José, Costa Rica   |b Editorial Costa Rica  |c 1993 
300 |a 1993 
650 |a LITERATURA COSTARRICENSE  |9 17 
650 |a NOVELA   |9 13 
999 |c 30488  |d 30488 
942 |c SALA  |h 868 H-3j   |2 z